[Event "1.d4 Nf6 2.c4 g6"]
[Site "SchemingMind.com"]
[Date "2007.07.13"]
[Round "-"]
[White "Aumonde"]
[Black "time_pressure"]
[Result "1-0"]
[WhiteCountry "USA"]
[BlackCountry "USA"]
[WhiteElo "2280"]
[WhiteRD "56"]
[BlackElo "2162"]
[BlackRD "72"]
[GameID "112242"]

1. d4 Nf6 2. c4 g6 3. Nc3 Bg7 4. e4 d6 5. f3 O-O 6. Be3 Nc6 7. Nge2 b6 8. Qd2 Bb7 9. d5 Ne5 10. Nd4 Qd7
11. Be2 c5 12. dxc6 Nxc6 13. Nxc6 Qxc6 14. O-O Nd7 15. Nd5 Rae8 16. Rac1 f5 17. exf5 gxf5 18. Rfd1 Kh8 19. Nf4 e5 20. Nh5 Re6
21. Nxg7 Kxg7 22. Rc3 f4 23. Bf2 Qc7 24. b4 Rh6 25. Rd3 Rff6 26. Ra3 Bc6 27. Bd3 Kh8 28. Bb1 Nf8 29. Bc2 Rh5 30. b5 Ba8
31. Qb4 Rfh6 32. h4 Nd7 33. Bb1 Kg8 34. Qa4 Rxh4 35. Bxh4 Rxh4 36. Rd2 Qc5+ 37. Rf2 Bd5= 38. Bf5 Nf8 39. Rc3 Be6 40. Qc2 Bf7
41. Qd3 Qc7 42. Rcc2 Kh8 43. Qe4 Rh6 44. Qc6 Qe7 45. Qa8 Rh5 46. Bh3 Kg7 47. Rc3 Qg5 48. Qc8 Qg6 49. Rc1 Ne6 50. Bxe6 Bxe6
51. Qc7+ Bf7 52. Qxa7 Qg3 53. Qa3 Rh2 54. Qc3 Qh4 55. Kf1 Bg6 56. Ke2 Bf7 57. Rg1 Rh1 58. Rgf1 Rxf1 59. Rxf1 Qe7 60. Rc1 Qc7
61. Qb4 Kf6 62. Kf2 h5 63. a4 Be6 64. Kg1 h4 65. Qe1 Qc5+ 66. Qf2 Ke7 67. Qxc5 dxc5 68. Kf2 Kd7 69. Ke2 Kc7 70. Kd2 Kd6
71. Kc3 h3 72. Rg1 Kc7 73. gxh3 Bxh3 74. Rg7+ Kc8 75. a5 bxa5 76. Re7 Bg2 77. Rxe5 Bxf3 78. Rxc5+ Kb7 79. Rf5 Kb6 80. Rxf4
1-0

[Event "1.d4 Nf6 2.c4 g6"]
[Site "SchemingMind.com"]
[Date "2007.07.09"]
[Round "-"]
[White "BogusAurelius"]
[Black "time_pressure"]
[Result "0-1"]
[WhiteCountry "USA"]
[BlackCountry "USA"]
[WhiteElo "1935"]
[WhiteRD "78"]
[BlackElo "2111"]
[BlackRD "76"]
[GameID "112243"]

1. d4 Nf6 2. c4 g6 3. Nc3 Bg7 4. g3 c5 5. d5 d6 6. Bg2 O-O 7. Nf3 Bf5 8. O-O Qb6 9. Nh4 Bg4 10. h3 Bd7
11. e4 Na6 12. a3 Nc7 13. Qd3 Qb3 14. a4 Na6 15. Ra3 Nb4 16. Qe2 Qc2 17. Re1 Nh5 18. g4 Qxe2 19. Rxe2 Nd3 20. Bg5 Nhf4
21. Rd2 Rfe8 22. Nf3 h6 23. Bh4 Bxc3 24. bxc3 e6 25. Bf1 exd5 26. exd5 Ne1 27. Nh2 g5 28. Bg3 f5 29. f3 fxg4 30. hxg4 Re3
31. Bxf4 gxf4 32. Be2 Rae8 33. Kf2 Ng2 34. Bd1 Nh4 35. Nf1 R3e5 36. a5 h5 37. Rb3 Bc8 38. Rb1 R8e7 39. Nh2 Re1 40. Bc2 hxg4
41. Nxg4 R1e3
0-1

[Event "1.d4 Nf6 2.c4 g6"]
[Site "SchemingMind.com"]
[Date "2007.07.09"]
[Round "-"]
[White "Alikabok"]
[Black "time_pressure"]
[Result "0-1"]
[WhiteCountry "PHI"]
[BlackCountry "USA"]
[WhiteElo "1947"]
[WhiteRD "79"]
[BlackElo "2162"]
[BlackRD "72"]
[GameID "112244"]

1. d4 Nf6 2. c4 g6 3. f3 Nc6 4. e4 e5 5. dxe5 Bb4+ 6. Bd2 Nxe4 7. fxe4 Qh4+ 8. Ke2 Qxe4+ 9. Be3 Bc5 10. Qd3 Qxe5
11. Nc3 Bxe3 12. Qxe3 Nd4+ 13. Kd2 Qxe3+ 14. Kxe3 Nc2+ 15. Kd2 Nxa1 16. Bd3 b5 17. Nxb5 Rb8 18. Kc3 O-O 19. Nf3 a6 20. Nbd4 c5
21. Ne2 Bb7 22. Rxa1 Rfe8 23. Nf4 f5 24. Nd5 Kg7 25. Re1 Rxe1 26. Nxe1 Re8 27. Kd2 Bxd5 28. cxd5 a5 29. Bb5 Re5 30. Bc4 Re4
31. b3 Kf6 32. Nd3 Rd4 33. Kc3 d6 34. b4 axb4+ 35. Nxb4 Rg4 36. Nc6 Rxg2 37. a4 Rxh2 38. a5 Rh3+ 39. Kd2 g5 40. Bf1 Rh1
41. Ke1 g4 42. Kf2 f4
0-1

[Event "1.d4 Nf6 2.c4 g6"]
[Site "SchemingMind.com"]
[Date "2007.07.12"]
[Round "-"]
[White "djanowski"]
[Black "time_pressure"]
[Result "0-1"]
[WhiteCountry "THA"]
[BlackCountry "USA"]
[WhiteElo "2011"]
[WhiteRD "102"]
[BlackElo "2111"]
[BlackRD "76"]
[GameID "112245"]

1. d4 Nf6 2. c4 g6 3. Nc3 Bg7 4. e4 d6 5. f3 O-O 6. Be3 Nc6 7. Qd2 Bd7 8. Bd3 Nb4 9. Nge2 e5 10. Rd1 Qe7
11. Nd5 Nfxd5 12. cxd5 exd4 13. Nxd4 Nxd5 14. exd5 Bxd4 15. Kf2 Qe5 16. Rhe1 Rfe8 17. Be4 Bxe3+ 18. Rxe3 Qxh2 19. Rc3 f5 20. Bc2 Bb5
21. Bd3 Bxd3 22. Qxd3 Re5 23. Rxc7 Rae8
0-1

[Event "1.d4 Nf6 2.c4 g6"]
[Site "SchemingMind.com"]
[Date "2007.07.18"]
[Round "-"]
[White "eduardogonzalezm"]
[Black "Space"]
[Result "1/2-1/2"]
[WhiteCountry "CHI"]
[BlackCountry "SWE"]
[WhiteElo "2058"]
[WhiteRD "91"]
[BlackElo "2196"]
[BlackRD "82"]
[GameID "113312"]

1. d4 Nf6 2. c4 g6 3. Nc3 Bg7 4. e4 d6 5. f3 O-O 6. Be3 Nc6 7. Nge2 a6 8. Qd2 Rb8 9. Rd1 Re8 10. Nc1 e5
11. d5 Nd4 12. N1e2 c5 13. dxc6 bxc6 14. Nxd4 exd4 15. Bxd4 d5 16. cxd5 cxd5 17. Be2 dxe4 18. O-O e3 19. Qc1 Qe7 20. Rfe1 Bb7
21. Bc4 Bh6= 22. Qc2 Nh5 23. b3 Rbd8 24. Ne4=
1/2-1/2

[Event "1.d4 Nf6 2.c4 g6"]
[Site "SchemingMind.com"]
[Date "2007.07.18"]
[Round "-"]
[White "eduardogonzalezm"]
[Black "Aumonde"]
[Result "1-0"]
[WhiteCountry "CHI"]
[BlackCountry "USA"]
[WhiteElo "2165"]
[WhiteRD "76"]
[BlackElo "2181"]
[BlackRD "63"]
[GameID "113313"]

1. d4 Nf6 2. c4 g6 3. Nc3 e6 4. e4 d5 5. e5 Ne4 6. Bd3 Nxc3 7. bxc3 Bg7 8. Nf3 O-O 9. O-O c5 10. Ba3 Nd7
11. Qb3 a6 12. cxd5 exd5 13. Bc2 Re8 14. Rfe1 c4 15. Qb2 Nf8 16. Bd6 Ne6 17. Qc1 Bd7 18. a4 a5 19. h4 h5 20. Ng5 Ra6
21. Rb1 Bc6 22. Qe3 Nxg5 23. hxg5 Qd7 24. Qf3 Qd8 25. Qf4 Bd7 26. Bc5 Qc7 27. Re3 Bg4 28. Bd6 Qc6 29. Rb5 b6 30. Re1 Bd7
31. Qf3 Qb7 32. Rb2 Bc8 33. Reb1 Bg4 34. Qf4 Qc6 35. Kh1 Bd7 36. Kh2 Rea8 37. Qf3 Bg4 38. Qg3 Bd7 39. Kg1 Rd8 40. Qf3 Rc8
41. Be7 Rb8 42. Kh2 Bg4 43. Qf4 Re8 44. Bf6 Bf8 45. Rh1 Be2 46. Rb5 Ra7 47. Kg1 Be7 48. f3 Bd3 49. Bd1 Rd7 50. g4 Rb7
51. gxh5 Bf8 52. Qh4 Reb8 53. f4
1-0

[Event "1.d4 Nf6 2.c4 g6"]
[Site "SchemingMind.com"]
[Date "2007.07.18"]
[Round "-"]
[White "eduardogonzalezm"]
[Black "BogusAurelius"]
[Result "1-0"]
[WhiteCountry "CHI"]
[BlackCountry "USA"]
[WhiteElo "1951"]
[WhiteRD "109"]
[BlackElo "1932"]
[BlackRD "80"]
[GameID "113314"]

1. d4 Nf6 2. c4 g6 3. Nc3 Bg7 4. e4 d6 5. f3 O-O 6. Be3 Nc6 7. Nge2 a6 8. Qd2 Rb8 9. Rd1 Re8 10. Nc1 e5
11. d5 Nd4 12. N1e2 c5 13. dxc6 bxc6 14. Nxd4 exd4 15. Bxd4 d5 16. cxd5 cxd5 17. Be2 dxe4 18. O-O e3 19. Qc1 Qa5 20. Bxe3 Qb4
21. b3 Bb7 22. Bc4 Rbc8 23. Ne4 Nxe4 24. fxe4 Rxe4 25. Rd7 Rg4 26. Rfxf7 Rxg2+ 27. Kf1 Rf8 28. Bh6
1-0

[Event "1.d4 Nf6 2.c4 g6"]
[Site "SchemingMind.com"]
[Date "2007.07.18"]
[Round "-"]
[White "eduardogonzalezm"]
[Black "Alikabok"]
[Result "1-0"]
[WhiteCountry "CHI"]
[BlackCountry "PHI"]
[WhiteElo "2058"]
[WhiteRD "91"]
[BlackElo "1947"]
[BlackRD "79"]
[GameID "113315"]

1. d4 Nf6 2. c4 g6 3. Nc3 Bg7 4. e4 d6 5. f3 O-O 6. Be3 Nc6 7. Nge2 a6 8. Qd2 Rb8 9. Rd1 Re8 10. Nc1 e5
11. d5 Nd4 12. N1e2 c5 13. dxc6 bxc6 14. Nxd4 exd4 15. Bxd4 d5 16. cxd5 cxd5 17. Be2 dxe4 18. O-O exf3 19. Bxf3 Ng4 20. Bxg4 Bxg4
21. Qf4 Bxd4+ 22. Rxd4 Qb6 23. Nd5
1-0

[Event "1.d4 Nf6 2.c4 g6"]
[Site "SchemingMind.com"]
[Date "2007.07.18"]
[Round "-"]
[White "eduardogonzalezm"]
[Black "djanowski"]
[Result "1-0"]
[WhiteCountry "CHI"]
[BlackCountry "THA"]
[WhiteElo "2058"]
[WhiteRD "91"]
[BlackElo "1864"]
[BlackRD "84"]
[GameID "113316"]

1. d4 Nf6 2. c4 g6 3. Nc3 c5 4. d5 e6 5. Nf3 exd5 6. cxd5 d6 7. e4 Bg7 8. Be2 O-O 9. O-O Re8 10. Qc2 Na6
11. Re1 Nc7 12. Bf4 Nh5 13. Bg5 Qd7 14. Nd2 b5 15. Bxh5 gxh5 16. a4 Qg4 17. Nf3 b4 18. Nb5 Nxb5 19. axb5 a5 20. h3 Qd7
21. Bf4 a4 22. Rxa4 Rxa4 23. Qxa4 Bxb2 24. Qb3 Bc3 25. Re3 f6 26. Qc4 Be5 27. Nxe5 fxe5 28. Rg3+ Kf7 29. Qe2
1-0

[Event "1.d4 Nf6 2.c4 g6"]
[Site "SchemingMind.com"]
[Date "2007.07.18"]
[Round "-"]
[White "eduardogonzalezm"]
[Black "time_pressure"]
[Result "1/2-1/2"]
[WhiteCountry "CHI"]
[BlackCountry "USA"]
[WhiteElo "2058"]
[WhiteRD "91"]
[BlackElo "2162"]
[BlackRD "72"]
[GameID "113317"]

1. d4 Nf6 2. c4 g6 3. Nc3 Bg7 4. e4 d6 5. f3 O-O 6. Be3 b6 7. Bd3 Bb7 8. Nge2 c5 9. O-O Nc6 10. Qd2 Ng4
11. fxg4 cxd4 12. Nxd4 Nxd4 13. g5 Ne6 14. Rac1 Nc5 15. b4 Bxc3 16. Qxc3 Nxe4 17. Qc2 d5 18. Rfd1 Qc8 19. Bxe4 dxe4 20. c5 Qe6
21. c6 Ba6 22. Rd7 f5 23. gxf6 Rxf6 24. Qa4 Bd3 25. Bg5 b5 26. Qa5 Rf7 27. h3 Raf8 28. Qc7 Bf1 29. Rd8 Qf5 30. Bf4 e5
31. Rxf8+ Rxf8 32. Qxe5 Qxe5 33. Bxe5 Bc4 34. Re1 Bd3 35. Bg3 Kf7 36. Kf2 Ke6+ 37. Ke3 Rf1 38. Rxf1=
1/2-1/2

[Event "1.d4 Nf6 2.c4 g6"]
[Site "SchemingMind.com"]
[Date "2007.07.21"]
[Round "-"]
[White "Space"]
[Black "eduardogonzalezm"]
[Result "1-0"]
[WhiteCountry "SWE"]
[BlackCountry "CHI"]
[WhiteElo "2261"]
[WhiteRD "81"]
[BlackElo "2129"]
[BlackRD "77"]
[GameID "113318"]

1. d4 Nf6 2. c4 g6 3. Nc3 Bg7 4. e4 d6 5. f3 O-O 6. Be3 e5 7. d5 c6 8. Bd3 Ne8 9. Qd2 f5 10. exf5 gxf5
11. Nge2 Nc7 12. O-O cxd5 13. cxd5 Nd7 14. Rac1 f4 15. Bf2 Nf6 16. Bh4 Na6 17. Kh1 Nc5 18. Bb1 Nfe4 19. Nxe4 Nxe4 20. Bxe4 Qxh4
21. Rc7 Rf7= 22. Rxf7 Kxf7 23. Rc1 Kg8 24. Rc7 b6 25. Qc2 Ba6 26. Qc6 Rd8 27. Ng1 Bf1 28. Rxa7 Qg5 29. Qc2 Bb5 30. Bxh7+ Kh8
31. Bd3 Bxd3 32. Qxd3 Rb8 33. Qc2 b5 34. Rd7 Ra8 35. Rxd6 Rxa2 36. Re6 Qd8 37. d6 e4 38. Qxe4
1-0

[Event "1.d4 Nf6 2.c4 g6"]
[Site "SchemingMind.com"]
[Date "2007.07.21"]
[Round "-"]
[White "Aumonde"]
[Black "eduardogonzalezm"]
[Result "0-1"]
[WhiteCountry "USA"]
[BlackCountry "CHI"]
[WhiteElo "2190"]
[WhiteRD "59"]
[BlackElo "2136"]
[BlackRD "79"]
[GameID "113319"]

1. d4 Nf6 2. c4 g6 3. Nf3 Bg7 4. g3 O-O 5. Bg2 d6 6. h4 c5 7. Nc3 Nc6 8. d5 Nb4 9. a3 Na6 10. O-O Bg4
11. e4 Nc7 12. Bf4 a6 13. Re1 b5= 14. Qd3 Qd7 15. b3 Rab8 16. e5 Nh5 17. Bd2 Bxf3 18. Bxf3 Bxe5 19. Bxh5 gxh5 20. Rab1 e6
21. dxe6 Qxe6 22. Ne4 Qg6 23. Rbd1 bxc4 24. bxc4 Ne6 25. Kg2 Rfe8 26. Qd5 Rb6 27. Kf1 Reb8 28. Bc3 Bxc3 29. Nxc3 Nd4 30. Ne2 Nf5
31. Nf4 Qg4 32. Qe4 Rb3 33. Rd3 a5 34. a4 Kh8 35. Kg1 Rxd3 36. Qxd3 Nd4 37. Kg2 Kg7 38. Qe3 h6 39. Qe4 Nf5 40. Kh1 Rb4
41. Qd5 Rxa4
0-1

[Event "1.d4 Nf6 2.c4 g6"]
[Site "SchemingMind.com"]
[Date "2007.07.21"]
[Round "-"]
[White "BogusAurelius"]
[Black "eduardogonzalezm"]
[Result "1/2-1/2"]
[WhiteCountry "USA"]
[BlackCountry "CHI"]
[WhiteElo "1968"]
[WhiteRD "77"]
[BlackElo "2058"]
[BlackRD "91"]
[GameID "113320"]

1. d4 Nf6 2. c4 g6 3. Nc3 Bg7 4. g3 O-O 5. Bg2 d6 6. Nf3 Nbd7 7. O-O e5 8. e4 c6 9. h3 exd4 10. Nxd4 a5
11. Be3 Re8 12. Qc2 Qe7 13. Rfe1 Nc5 14. Rad1 a4 15. b3 axb3 16. axb3 Nfd7= 17. b4 Ne6 18. Qb3 Nxd4 19. Bxd4 Bxd4 20. Rxd4 Nb6
21. b5 Qe5 22. Red1 Qc5 23. Bf1 Be6 24. bxc6 bxc6 25. Rxd6 Bxc4 26. Bxc4= Nxc4 27. R6d4 Ne5=
1/2-1/2

[Event "1.d4 Nf6 2.c4 g6"]
[Site "SchemingMind.com"]
[Date "2007.07.21"]
[Round "-"]
[White "Alikabok"]
[Black "eduardogonzalezm"]
[Result "0-1"]
[WhiteCountry "PHI"]
[BlackCountry "CHI"]
[WhiteElo "1941"]
[WhiteRD "87"]
[BlackElo "2098"]
[BlackRD "78"]
[GameID "113321"]

1. d4 Nf6 2. c4 g6 3. f3 Bg7 4. e4 d6 5. Be3 O-O 6. Nc3 e5 7. d5 Nh5 8. Qd2 f5 9. O-O-O Na6 10. Bd3 Nb4
11. Nge2 Nxd3+ 12. Qxd3 Nf6 13. Qd2 fxe4 14. Nxe4 Nxe4 15. fxe4 Qh4 16. Nc3 Bg4 17. Rdg1 a6 18. h3 Bd7 19. g3 Qe7 20. Bg5 Bf6
21. Bh6 Rf7 22. h4 b5 23. cxb5 axb5 24. Kb1 b4 25. Ne2 b3 26. a3 c5 27. Qe3 Bg4 28. Re1 c4 29. Nc3 Qd7 30. Rhf1 Rb8
31. Kc1 Bd8 32. Qg1 Bf3 33. Bg5 Bb6 34. Be3 Ba5 35. Bd2 Qg4 36. Nd1 Bb6 37. Nf2 Qh5 38. Qh2 Bd4 39. Nd1 Qg4 40. Nf2 Qc8
41. Nd1 Bxd1 42. Rxd1 c3 43. bxc3 Bxc3 44. Bxc3 Qxc3+ 45. Kb1 Rxf1
0-1

[Event "1.d4 Nf6 2.c4 g6"]
[Site "SchemingMind.com"]
[Date "2007.07.21"]
[Round "-"]
[White "djanowski"]
[Black "eduardogonzalezm"]
[Result "0-1"]
[WhiteCountry "THA"]
[BlackCountry "CHI"]
[WhiteElo "1864"]
[WhiteRD "84"]
[BlackElo "2058"]
[BlackRD "91"]
[GameID "113322"]

1. d4 Nf6 2. c4 g6 3. Nc3 Bg7 4. e4 d6 5. f3 O-O 6. Be3 e5 7. d5 c6 8. Bd3 cxd5 9. cxd5 Nfd7 10. h4 h5
11. g4 Nf6 12. Bg5 hxg4 13. fxg4 Qb6 14. Na4 Qb4+ 15. Bd2 Qd4 16. Qb3 Nxe4 17. O-O-O Bxg4 18. Ne2 Rc8+ 19. Bc2 Bxe2 20. Be3 Bxd1
21. Bxd4 Bxc2 22. Qxc2 Rxc2+
0-1

[Event "1.d4 Nf6 2.c4 g6"]
[Site "SchemingMind.com"]
[Date "2007.07.18"]
[Round "-"]
[White "time_pressure"]
[Black "eduardogonzalezm"]
[Result "1/2-1/2"]
[WhiteCountry "USA"]
[BlackCountry "CHI"]
[WhiteElo "2153"]
[WhiteRD "75"]
[BlackElo "2112"]
[BlackRD "81"]
[GameID "113323"]

1. d4 Nf6 2. c4 g6 3. Nc3 Bg7 4. e4 O-O 5. Be2 d6 6. Nf3 e5 7. dxe5 dxe5 8. Qxd8 Rxd8 9. Bg5 Re8 10. O-O c6
11. Rfd1 Na6 12. Rd6 Be6 13. Rad1 h6 14. Bh4 g5 15. Bg3 Nc5 16. Bxe5 g4 17. Nd4 Nfxe4 18. Nxe4 Bxe5 19. Nxc5 Bxd6 20. Nxb7 Bc7
21. Nc5 Bc8 22. Kf1 Bb6 23. Na4 Bd7 24. b4 Rad8 25. c5 Bc7 26. a3 Be5 27. Nb2 Bxd4 28. Rxd4 Be6 29. Rxd8 Rxd8 30. Ke1 Kg7
31. Nc4 Bxc4 32. Bxc4 f5 33. Ba6 Rd7 34. h3 Kf6 35. hxg4 fxg4 36. Be2 h5 37. g3 Ke5 38. f3 Kd4 39. fxg4 hxg4 40. Bxg4 Rg7
41. Bf3 Rxg3 42. Bxc6 Rxa3 43. Bb7 Kc4 44. c6 Re3+ 45. Kd2 Re7 46. Bc8 Kxb4 47. Bg4 Kb3 48. Kd3 a5 49. Bd1+ Kb4 50. Kc2 Re3
51. c7 Rc3+ 52. Kb2 Rxc7 53. Bb3 a4 54. Be6 Rh7 55. Bd5 Rh2+ 56. Kb1 Ka3 57. Bf7 Rb2+ 58. Kc1 Rb3 59. Be6= Re3 60. Bf7= Kb4
61. Bg8 Ka3 62. Bf7=
1/2-1/2